000 00503nam a2200253Ia 4500
001 066275
003 YMCAF
005 20230512160349.0
008 100717s1974 ||||||||||||||||| ||und|d
020 _a-
024 _a66275
035 _a5738
040 _aYMCAF
_beng
_cIN-KoLT
041 _aeng
082 _a660.281
_b5 HAR
100 _aHarriot, P
245 0 _aProcess control
250 _a-
260 _bTMH
_c1974
300 _a374
653 _a-
653 _a-
942 _2ddc
_cBK
999 _c3962
_d3962